| 000 | 02821cam a2200385 i 4500 | ||
|---|---|---|---|
| 001 | 19176622 | ||
| 005 | 20260223145544.0 | ||
| 008 | 160714s2017 nyu 000 0 eng | ||
| 010 | _a 2016023870 | ||
| 020 | _a9781107544253 | ||
| 040 |
_aDLC _beng _cDLC _erda _dDLC |
||
| 041 | _aeng | ||
| 050 | 0 | 0 |
_aJF1525.C74 _bB65 2016 |
| 100 | 1 | _aBoin, Arjen, | |
| 245 | 1 | 4 |
_aThe politics of crisis management : _bpublic leadership under pressure / _cArjen Boin, Universiteit Leiden, Paul 't Hart, Universiteit Utrecht, Eric Stern, the Swedish National Defence College, Bengt Sundelius, the Swedish National Defence College. |
| 250 | _aSecond edition. | ||
| 264 | 1 |
_aNew York : _bCambridge University Press, _c2016. |
|
| 300 |
_aviii, 200 pages ; _c24 cm |
||
| 336 |
_atext _btxt _2rdacontent |
||
| 337 |
_aunmediated _bn _2rdamedia |
||
| 338 |
_avolume _bnc _2rdacarrier |
||
| 500 | _aFirst edition entered under title. | ||
| 504 | _aIncludes bibliographical references and index. | ||
| 505 | 8 | _aMachine generated contents note: Introduction; 1. Managing crises: five strategic leadership tasks; 2. Sense making: grasping crises as they unfold; 3. Decision making and coordinating: shaping the crisis response; 4. Meaning making: constructing a crisis narrative; 5. To end a crisis: managing accountability; 6. Learning and changing: from the crisis to reform; 7. How to deal with crisis: lessons for prudent leadership. | |
| 520 |
_a"Crisis management has become a defining feature of contemporary governance. In times of crisis, communities and members of organizations expect their leaders to minimize the impact, while critics and bureaucratic competitors make use of social media to blame incumbent rulers and their policies. In this extreme environment, policymakers must somehow establish a sense of normality, and foster collective learning from the crisis experience. In the new edition of this uniquely comprehensive analysis, the authors examine how strategic leaders deal with the challenges they face, the political risks and opportunities they encounter, the pitfalls they must avoid, and the paths towards reform they may pursue. The book is grounded in decades of collaborative, cross-national and multidisciplinary case study research and has been updated to include new insights and examples from the last decade. This is an original and important contribution from experts in public policy and international security"-- _cProvided by publisher. |
||
| 650 | 0 | _aCrisis management in government. | |
| 650 | 0 | _aPublic administration. | |
| 650 | 0 |
_aEmergency management _xPolitical aspects. |
|
| 700 | 1 |
_aBoin, Arjen, _eauthor. |
|
| 700 | 1 |
_aHart, Paul 't, _eauthor. |
|
| 700 | 1 |
_aStern, Erik, _eauthor. |
|
| 700 | 1 |
_aSundelius, Bengt, _eauthor. |
|
| 942 |
_2lcc _cBK _n0 |
||
| 999 |
_c30502 _d30502 |
||